00238nam a22001097a 4500041000900000082001800009100001700027245002500044260003000069300000800099650002100107 aUrdu a297.409 bKHA aKhan, Jabbar aMahboobul Tawaareeqh aHyderabadbStudents House a632 aBiography- Sufis